00320nam a22000977a 4500082001700000100003000017245010000047260004500147300002100192563000900213 a344.044bJHA aJhandyana, Arshad Mahmood aThe Manual of Mental Health Laws:bamendments & case law up to date /cArshad Mahmood Jhandyana aLahore :bManzoor Law Book House,c2021. a238 p. ;c23 cm. aHBK.